Biblioteca

¿Por qué no la mujer? : Una nueva perspectiva bíblica sobre la mujer en la misión, el ministerio y el liderazgo / Loren Cunningham, David Joel Hamilton; Antonio Pérez, Traductor (Registro nro. 41213)

Detalles MARC
000 -LÍDER
Campo fijo de descripción fija 012260000a22002050004500
020 ## - NÚMERO INTERNACIONAL NORMALIZADO PARA LIBROS
Número Internacional Normalizado del libro 1-57658-293-0
041 0# - CÓDIGO DE IDIOMA
Código de idioma para texto/pista de sonido o título separado
082 04 - NÚMERO DE CLASIFICACIÓN DECIMAL DEWEY
Número de clasificación G 257.9 C9731p
001 - NÚMERO DE CONTROL
Campo de control 12187
100 1# - ASIENTO PRINCIPAL--NOMBRE PERSONAL
Nombre personal Cunningham, Loren
245 10 - TÍTULO
Título del Material ¿Por qué no la mujer? : Una nueva perspectiva bíblica sobre la mujer en la misión, el ministerio y el liderazgo / Loren Cunningham, David Joel Hamilton; Antonio Pérez, Traductor
260 ## - PUBLICACIÓN, DISTRIBUCIÓN, ETC. (PIE DE IMPRENTA)
Lugar de publicación, distribución, etc. Tyler, TX. : JUCUM
300 ## - DESCRIPCIÓN FÍSICA
Extensión 297 Pag
336 ## - CONTENT TYPE
Content type term texto
Content type code txt
Source rdacontent
337 ## - MEDIA TYPE
Source rdamedia
Media type term sin mediación
Media type code n
338 ## - CARRIER TYPE
Source rdacarrier
Carrier type term volumen
Carrier type code nc
500 ## - NOTA GENERAL
Nota General Título original : Why Not Women? A Fresh Look at Scripture on Women in Missions, Ministry, and Leadership
505 00 - NOTA DE CONTENIDO
Nota de contenido con formato preestablecido Tus dones y tu destino - Mujeres profetisas, evangelistas y maestras - Hijas de Pandora - Hijas de Venus - Hijas de Eva - Distorsión de la imagen - Jesús derribó los muros - Pablo revolucionó el mundo de su época - El evangelio llega a la ciudad del pecado en el año 50 - ¿Qué significa ser cabeza? - La oración y la profecía - ¿Deben las mujeres guardar silencio? - Aprender a ministrar - "No permito a las mujeres enseñar" - La solución redentora de Pablo - Mujeres líderes también
942 ## - TIPO DE MATERIAL (KOHA)
Tipo de Item KOHA Libros General
Existencias
Estado de Material Estado de Perdido Estado de Dañado No para Préstamo Colección Tomo Biblioteca de Origen Biblioteca Permanente Fecha de Adquisición Total de Préstamos Total de Renovaciones Signatura Topográfica Código de Barras Última vez visto Última vez Préstado Ejemplar/Existencia Fecha de Remplazo Tipo de Material
        Colección General   Biblioteca FUSBC Biblioteca FUSBC 11/07/2005 15 5 G 257.9 C9731p 15278 10/02/2026 10/02/2026 1 26/01/2016 Libros General

Biblioteca FUSBC | Teléfono: (57+4) 349 88 10 Ext. 141| WhatsApp (+57) 3005338115 
E-mail: biblioteca@unisbc.edu.co | Calle 76 87-14 Robledo Palenque, Medellín, Colombia

Con tecnología Koha